000
00329 a2200157 4500
001
170666
020
_a
040
_c
Magnum
100
_a
Fittipaldi, Cica
240
1
0
_a
Tamandua, que bandeira !
_l
por
245
1
0
_a
Tamandua, que bandeira !
362
0
_a
1899
440
1
_a
FTD
697
_a
IJ/PARADIDATICO
942
_c
BK
999
_c
170666
_d
170666